00697nam a22002177a 45000010005000000030006000050050017000110080041000280400032000690500015001010820011001161000030001272450035001572600037001923000025002295050007002545200146002615210035004075210019004427000018004613910FISKH20240813110330.0240523b cb ||||| |||| 00| 0 eng d aFISK beng cFISK dFISK  aPR5397.F7  a823.7  aShelley Mary d1797-1851  aFrankenstein / cMary Shelley  aNew York : bScholastic ,c2013  a247 pages : c21 cm  aZ  aA monster assembled by a scientist from parts of dead bodies develops a mind of his own as he learns to loathe himself and hate his creator. 8 a1210 bLexile text analyzer 8 aZ bRaz-Plus  aMary Shelley